Postavenie podnikateľských subjektov v určitom odvetví a vo vybranej lokalite bakalárska práca

Salvato in:
Dettagli Bibliografici
Autore principale: Szabó, Adrián
Ente Autore: Národohospodárska fakulta EU. Katedra verejnej správy a regionálneho rozvoja
Altri autori: Kalafutová, Anna, 1996-
Natura: Libro
Lingua:slovacco
Pubblicazione: Bratislava 2023
Tags: Aggiungi Tag
Nessun Tag, puoi essere il primo ad aggiungerne!!

MARC

LEADER 00000nbm a2200000 4500
001 0294614
005 20231129102909.3
041 0 |a slo 
044 |a SK 
245 1 0 |a Postavenie podnikateľských subjektov v určitom odvetví a vo vybranej lokalite  |b bakalárska práca  |c Adrián Szabó ; školiteľ: Anna Kalafutová 
264 1 |a Bratislava  |c 2023 
300 |a 46 s. 
100 1 |a Szabó, Adrián 
700 1 |a Kalafutová, Anna, 1996- 
710 2 |a Národohospodárska fakulta EU. Katedra verejnej správy a regionálneho rozvoja